000
00265nam a2200097Ia 4500
008
190216s9999||||xx |||||||||||||| ||und||
100
_a
Pramodshankar Bhatt
245
0
_a
Hindi-Bharathiya Thakeker Gram Ki Boli Biswasa Bed
260
_b
Jaiprakashnath&Co:
942
_c
BK
999
_c
15383
_d
15383